Finance a úvěr

Guardado en:
Detalles Bibliográficos
Formato: Seriadas
Lenguaje:checo
Publicado: Praha UK Praha, Fakulta sociálních věd 1999
Materias:
Etiquetas: Agregar Etiqueta
Sin Etiquetas, Sea el primero en etiquetar este registro!

MARC

LEADER 00000nas2a2200000 4500
001 s123884
005 20231103122528.4
022 |a 0015-1920 
041 0 |a cze 
044 |a CZ 
245 1 0 |a Finance a úvěr 
264 1 |a Praha  |b UK Praha, Fakulta sociálních věd  |c 1999 
300 |a 2 zv. 
773 0 |w eu_un_cat*s120052 
610 2 0 |a financie 
610 2 0 |a úver 
610 2 0 |a politika finančná